Online
Catalog

Plegaria a Jóse Francisco Peña Gómez antorcha de nuestra conciencia / (Record no. 29078)

MARC details
000 -CABECERA
campo de control de longitud fija 01084nam a2200301 i 4500
001 - NÚMERO DE CONTROL
campo de control 000029586
003 - IDENTIFICADOR DEL NÚMERO DE CONTROL
campo de control DO-SdBNP
005 - FECHA Y HORA DE LA ÚLTIMA TRANSACCIÓN
campo de control 20240305122521.0
007 - CAMPO FIJO DE DESCRIPCIÓN FÍSICA--INFORMACIÓN GENERAL
campo de control de longitud fija ta
008 - DATOS DE LONGITUD FIJA--INFORMACIÓN GENERAL
campo de control de longitud fija 110419s2002 dr a 000 0 spa d
040 ## - FUENTE DE LA CATALOGACIÓN
Centro catalogador/agencia de origen DO-SdBNP
Lengua de catalogación spa
Centro/agencia transcriptor BNPHU
Normas de descripción rda
082 #4 - NÚMERO DE LA CLASIFICACIÓN DECIMAL DEWEY
Número de clasificación 759.7293
Número de documento/Ítem U42p
Número de edición 22
100 1# - ENTRADA PRINCIPAL--NOMBRE DE PERSONA
Nombre de persona Ulloa, Alberto,
Fechas asociadas al nombre 1950-2011
9 (RLIN) 58552
245 10 - MENCIÓN DE TÍTULO
Título Plegaria a Jóse Francisco Peña Gómez antorcha de nuestra conciencia /
Mención de responsabilidad, etc. Alberto Ulloa.
264 ## - PRODUCCIÓN, PUBLICACIÓN, DISTRIBUCIÓN, FABRICACIÓN Y COPYRIGHT
Producción, publicación, distribución, fabricación y copyright Santo Domingo :
Nombre del de productor, editor, distribuidor, fabricante Secretaría de Estado de Cultura :
-- Museo de las Casas Reales,
Fecha de producción, publicación, distribución, fabricación o copyright 2002.
300 ## - DESCRIPCIÓN FÍSICA
Extensión 16 páginas:
Otras características físicas ilustraciones ;
Dimensiones 21 cm.
336 ## - TIPO DE CONTENIDO
Fuente rdacontent
Término de tipo de contenido texto
Código de tipo de contenido txt
337 ## - TIPO DE MEDIO
Fuente rdamedia
Nombre/término del tipo de medio sin mediación
Código del tipo de medio n
338 ## - TIPO DE SOPORTE
Fuente rdacarrier
Nombre/término del tipo de soporte volumen
Código del tipo de soporte nc
490 0# - MENCIÓN DE SERIE
Mención de serie CEMI Arte Latinoamericano
500 ## - NOTA GENERAL
Nota general Incluye bibliografía y notas al pie de las páginas.
590 ## - NOTA LOCAL (RLIN)
Nota local Inventariado, 2018/LP
650 #4 - PUNTO DE ACCESO ADICIONAL DE MATERIA--TÉRMINO DE MATERIA
Término de materia o nombre geográfico como elemento de entrada Pintores dominicanos
9 (RLIN) 11660
650 #4 - PUNTO DE ACCESO ADICIONAL DE MATERIA--TÉRMINO DE MATERIA
Término de materia o nombre geográfico como elemento de entrada Arte dominicano
Subdivisión general Exposiciones
9 (RLIN) 54101
650 #4 - PUNTO DE ACCESO ADICIONAL DE MATERIA--TÉRMINO DE MATERIA
Término de materia o nombre geográfico como elemento de entrada Pintura dominicana
Subdivisión general Exposiciones
9 (RLIN) 55174
910 ## - DATOS DE OPCIÓN DEL USUARIO (OCLC)
Datos de opción del usuario Validado. Control de calidad EMS
942 ## - ELEMENTOS DE PUNTO DE ACCESO ADICIONAL (KOHA)
Fuente del sistema de clasificación o colocación Dewey Decimal Classification
Tipo de ítem Koha Folleto
Holdings
Estado de retiro Estado de pérdida Fuente del sistema de clasificación o colocación Restricciones de uso No para préstamo Código de colección Localización permanente Ubicación/localización actual Ubicación en estantería Fecha de adquisición Signatura topográfica completa Código de barras Fecha visto por última vez Número de copia Precio válido a partir de Tipo de ítem Koha Fuente de adquisición
    Dewey Decimal Classification Préstamo en sala   Dominicana de Servicio Biblioteca Nacional Pedro Henríquez Ureña Biblioteca Nacional Pedro Henríquez Ureña Extraviado 19.09.2013 BNPHU DS 759.7293 U42p 29586-30 25.06.2020 e.3 25.06.2020 Folleto  
    Dewey Decimal Classification Excluido de préstamo   Patrimonio Dominicano Biblioteca Nacional Pedro Henríquez Ureña Biblioteca Nacional Pedro Henríquez Ureña Depósito 19.04.2011 BNPHU PD 759.7293 U42p 29586-10 25.06.2020   25.06.2020 Folleto Depósito Legal
    Dewey Decimal Classification Excluido de préstamo   Patrimonio Dominicano Biblioteca Nacional Pedro Henríquez Ureña Biblioteca Nacional Pedro Henríquez Ureña Depósito 19.04.2011 BNPHU PD 759.7293 U42p 29586-20 25.06.2020 e.2 25.06.2020 Folleto Depósito Legal

Powered by Koha